| 000 | 01297cac a2200373 i 4500 | ||
|---|---|---|---|
| 003 | EG-GICUC | ||
| 005 | 20260121101502.0 | ||
| 008 | 140418s2015 ne ab fr 000 0 eng d | ||
| 020 | _a9780323298704 | ||
| 040 |
_aDLC _beng _cDLC _erda _dDLC _dEG-GICUC |
||
| 043 | _an-us--- | ||
| 050 | 0 | 0 |
_aHV6439.U5 _bB38 2015 |
| 082 | 0 | 0 |
_a343.2 _221 |
| 092 | 0 | 4 | _221 |
| 099 | _aLaw 10 2015 | ||
| 100 | 1 | _aBarker, Thomas. | |
| 240 | 1 | 0 | _aBiker gangs and organized crime |
| 245 | 1 | 0 |
_aBiker gangs and transnational organized crime / _cThomas Barker, Professor Emeritus, School of Justice Studies, Eastern Kentucky University. |
| 250 | _aSecond edition. | ||
| 264 | 1 |
_aAmsterdam ; _aBoston : _bElsevier, _c2015. |
|
| 300 |
_axi, 260 pages : _billustrations, maps ; _c24 cm |
||
| 336 |
_atext _btxt _2rdacontent |
||
| 337 |
_aunmediated _bn _2rdamedia |
||
| 338 |
_avolume _bnc _2rdacarrier |
||
| 500 | _aRevised edition of the author's Biker gangs and organized crime, published in 2007. | ||
| 650 | 0 |
_aMotorcycle gangs _zUnited States. |
|
| 650 | 0 | _aMotorcycle gangs. | |
| 650 | 0 |
_aOrganized crime _zUnited States. |
|
| 650 | 0 | _aOrganized crime. | |
| 650 | 0 | _aTransnational crime. | |
| 856 | 4 | 0 | _uhttps://fll.law.cu.edu.eg/fulltext/bks/ENGB10-00037.pdf |
| 905 | _a10 | ||
| 942 |
_2ddc _cBK _e21 _n0 |
||
| 999 |
_c50399 _d50399 |
||